| 000 | 00909nam a22002898i 4500 | ||
|---|---|---|---|
| 001 | 021351438 | ||
| 003 | EG-ScBUE | ||
| 005 | 20260215093006.0 | ||
| 008 | 240703s2024 enk f 000 f eng d | ||
| 020 | _a9781529159523 | ||
| 040 |
_aStDuBDS _beng _erda _cStDuBDS _dEG-ScBUE |
||
| 082 | 0 | 4 |
_a813.6 _222 _bPAT |
| 100 | 1 |
_aPatterson, James, _d1947- _eauthor. |
|
| 245 | 1 | 4 |
_aThe no. 1 lawyer / _cJames Patterson & Nancy Allen. |
| 264 | 1 |
_aLondon : _bPenguin Books, _c2024. |
|
| 300 |
_a400 pages ; _c20 cm |
||
| 336 |
_atext _2rdacontent _btxt |
||
| 337 |
_aunmediated _2rdamedia _bn |
||
| 338 |
_avolume _2rdacarrier _bnc |
||
| 650 | 0 |
_2BUEsh _aCriminal defense lawyers _vFiction |
|
| 650 | 0 |
_2BUEsh _aMurder _vFiction |
|
| 650 | 0 |
_2BUEsh _aSuspects (Criminal investigation) _vFiction |
|
| 655 | _vReading book | ||
| 700 | 1 |
_aAllen, Nancy _c(Lawyer), _eauthor. |
|
| 942 |
_2ddc _cBB |
||
| 999 |
_c31121 _d31092 |
||